Т. 1; Ядерный магнетизм: порядок и беспорядок

Detaylı Bibliyografya
Parent link:Ядерный магнетизм: порядок и беспорядок: пер. с англ./ А. Абрагам, М. Гольдман. Т. 1.— , 1984
Dil:Rusça
Baskı/Yayın Bilgisi: 1984
Konular:
Materyal Türü: Kitap
KOHA link:https://koha.lib.tpu.ru/cgi-bin/koha/opac-detail.pl?biblionumber=295137

MARC

LEADER 00000nam2a2200000 4500
001 295137
005 20231102000758.0
020 |a RU  |b 84-40555 
035 |a (RuTPU)RU\TPU\book\320213 
090 |a 295137 
100 |a 20150520d1984 k y0rusy5003 ca 
101 1 |a rus  |c eng 
102 |a RU 
105 |a a z 000zy 
200 0 |a Т. 1 
210 |d 1984 
215 |a 300 с.  |c ил. 
320 |a Библиогр.: с. 295-296 
461 1 |0 (RuTPU)RU\TPU\book\288000  |t Ядерный магнетизм: порядок и беспорядок  |o пер. с англ.  |o в 2 т.  |f А. Абрагам, М. Гольдман  |v Т. 1  |d 1984 
606 1 |a Ядерный магнитный резонанс  |2 stltpush  |3 (RuTPU)RU\TPU\subj\21780  |9 46721 
610 1 |a спины 
610 1 |a взаимодействие 
610 1 |a термодинамика 
610 1 |a ядерные спины 
610 1 |a когерентные взаимодействия 
610 1 |a твердые тела 
610 1 |a сверхтекучесть 
610 1 |a ядерный магнитизм 
675 |a 539.143.43  |z rus  |v 4 
801 0 |a RU  |b RuMRKP  |c 19950704  |g psbo 
801 1 |a RU  |b 63413507  |c 20150520 
801 2 |a RU  |b 63413507  |c 20170717  |g RCR 
942 |c BK